Metabolická aktivita &-lt;i&-gt;Gloeophyllum&-lt;/i&-gt;, &-lt;i&-gt;Trametes&-lt;/i&-gt; a &-lt;i&-gt;Poria&-lt;/i&-gt; v interakcii s biotickými a abiotickými faktormi prostredia
Guardado en:
| Autor principal: | |
|---|---|
| Otros Autores: | |
| Formato: | Manuscrito Libro |
| Lenguaje: | eslovaco |
| Publicado: |
2018
|
| Materias: | |
| Acceso en línea: | http://is.stuba.sk/zp/portal_zp.pl?podrobnosti=136428 |
| Etiquetas: |
Sin Etiquetas, Sea el primero en etiquetar este registro!
|
MARC
| LEADER | 00000ntm a22000003a 4500 | ||
|---|---|---|---|
| 001 | stuzp70015 | ||
| 003 | SK-STU | ||
| 005 | 20180602211604.9 | ||
| 007 | ta | ||
| 008 | 150427s2015----xo-----f-mn---000-0-slo-d | ||
| 040 | |a STU |b slo | ||
| 041 | 0 | |a slo | |
| 100 | 1 | |a Totovská, Patrícia |u 043000 |4 aut |U FCHPT Fakulta chemickej a potravinárskej technológie |T FCHPT Ústav biochémie a mikrobiológie |X 63800 |U C3000 |Y 101 |7 63800 | |
| 242 | 0 | 1 | |a Metabolic Activity of Gloeophyllum, Trametes and Poria in the Interactions with Biotic and Abiotic Environmental Factors |y eng |
| 245 | 1 | 0 | |a Metabolická aktivita &-lt;i&-gt;Gloeophyllum&-lt;/i&-gt;, &-lt;i&-gt;Trametes&-lt;/i&-gt; a &-lt;i&-gt;Poria&-lt;/i&-gt; v interakcii s biotickými a abiotickými faktormi prostredia |
| 260 | |c 2018 | ||
| 650 | 4 | |a reaktívne kyslíkové častice |2 slo | |
| 650 | 4 | |a superoxiddismutáza |2 slo | |
| 650 | 4 | |a drevokazné huby |2 slo | |
| 650 | 4 | |a lakkáza |2 slo | |
| 650 | 4 | |a guajakol peroxidáza |2 slo | |
| 650 | 4 | |a dekolorizácia aromatických farbív |2 slo | |
| 650 | 4 | |a wood-decay fungi |2 eng | |
| 650 | 4 | |a laccase |2 eng | |
| 650 | 4 | |a superoxide dismutase |2 eng | |
| 650 | 4 | |a guaiacol peroxidase |2 eng | |
| 650 | 4 | |a reactive oxygen species |2 eng | |
| 650 | 4 | |a decolorization of aromatic dyes |2 eng | |
| 700 | 1 | |a Kaliňáková, Barbora |u 043000 |k Z2 |4 ths |U FCHPT Fakulta chemickej a potravinárskej technológie |T FCHPT Ústav biochémie a mikrobiológie |X 38072 |U C3000 |Y 101 |7 A000038072 | |
| 856 | 4 | |u http://is.stuba.sk/zp/portal_zp.pl?podrobnosti=136428 | |